[Event "Manizales op 26th"]
[Site "Manizales"]
[Date "2017.01.05"]
[Round "3"]
[White "Marin Ortiz, Orlando"]
[Black "Torres, Juan Camilo"]
[Result "0-1"]
[WhiteElo "1897"]
[BlackElo "2242"]
[PlyCount "70"]
[EventDate "2017.01.04"]
[EventType "swiss"]
[EventRounds "9"]
[EventCountry "COL"]
[SourceTitle "CBM 176 Extra"]
[Source "ChessBase"]
[SourceDate "2017.03.02"]
[SourceVersion "1"]
[SourceVersionDate "2017.03.02"]
[SourceQuality "1"]

1. e4 c5 2. Nc3 a6 3. f4 b5 4. d3 e6 5. Nf3 Bb7 6. g3 b4 7. Na4 Nf6 8. Bg2 d5 9. exd5 Nxd5 10. 0-0 Be7 11. c4 bxc3 12. Nxc3 0-0 13. Kh1 Nb4 14. d4 cxd4 15. Nxd4 Bxg2+ 16. Kxg2 Ra7 17. Nf3 Rd7 18. Qb3 N8c6 19. Rd1 Rxd1 20. Qxd1 Qa8 21. Be3 Rd8 22. Qe2 h6 23. Rd1 Rxd1 24. Qxd1 Bf6 25. a3 Bxc3 26. bxc3 Nd5 27. Qd3 Na5 28. Kf2 Qc6 29. Bd4 Nc4 30. Ne5 Nxe5 31. Bxe5 Qc5+ 32. Qd4 Qxa3 33. Bxg7 Qb2+ 34. Kg1 Qc1+ 35. Kg2 Ne3+ 0-1

[Event "Manizales Castro Memorial"]
[Site "Manizales"]
[Date "2015.12.19"]
[Round "5"]
[White "Soto, Jonathan"]
[Black "Marin Ortiz, Orlando"]
[Result "1-0"]
[WhiteElo "1636"]
[BlackElo "1951"]
[PlyCount "108"]
[EventDate "2015.12.17"]
[EventType "swiss"]
[EventRounds "7"]
[EventCountry "COL"]
[SourceTitle "CBM 170 Extra"]
[Source "ChessBase"]
[SourceDate "2016.02.25"]
[SourceVersion "1"]
[SourceVersionDate "2016.02.25"]
[SourceQuality "1"]

1. d4 Nf6 2. c4 e5 3. d5 d6 4. Nc3 Nbd7 5. e4 Be7 6. Nf3 Nc5 7. Bd3 0-0 8. h3 h6 9. Bc2 Nh7 10. b4 Nd7 11. Be3 Ng5 12. 0-0 Nxf3+ 13. Qxf3 Nf6 14. Bd1 Nh7 15. Qg3 Bh4 16. Qh2 f5 17. f4 exf4 18. Rxf4 Bg5 19. Rf3 Bf6 20. Rc1 Ng5 21. Rf1 Be5 22. Bf4 Bd4+ 23. Kh1 Qe7 24. Nb5 Bf6 25. c5 Nxe4 26. cxd6 cxd6 27. Bf3 g5 28. Bxe4 gxf4 29. Bf3 a5 30. Qxf4 Bg5 31. Qg3 f4 32. Qf2 axb4 33. Rc7 Qf6 34. Qd2 Ra5 35. Qxb4 Rxa2 36. Qc4 Ra8 37. Re1 Bh4 38. Rc1 Re8 39. Bh5 Rd8 40. Bf7+ Kh8 41. Nd4 Rf8 42. Bh5 Qe5 43. Bg6 Be7 44. Nf3 Qf6 45. Bb1 b5 46. Qe4 Bf5 47. Qxe7 Bxb1 48. Qxf6+ Rxf6 49. Rxb1 Rb8 50. Nd4 b4 51. Nc6 Rb5 52. Rxb4 Rxb4 53. Nxb4 Rf5 54. Rd7 Rf6 1-0